| 000 | 00543nam a2200193 a 4500 | ||
|---|---|---|---|
| 005 | 20140310183245.0 | ||
| 008 | 040823s19uu xx 00 eng d | ||
| 020 | _a81-242-0427-6 | ||
| 050 |
_aHF 5821 _b.F219 2004 |
||
| 100 | _aFarbey, A.D. | ||
| 245 | _aHandbook of successful advertising/. | ||
| 260 |
_aNew Delhi : _bCrest Publishing House, _c2004. |
||
| 300 |
_a166 p. : _c26 cm. |
||
| 500 | _aIncludes bibliography and index. | ||
| 521 | _aMC | ||
| 650 | _aAdvertising. | ||
| 650 | _aAdvertising campaigns. | ||
| 942 |
_cBK _2lcc _kFOR |
||
| 999 |
_c20672 _d20672 |
||